000 00427nam a22001817a 4500
008 250909b |||||||| |||| 00| 0 eng d
020 _a9788198616388
040 _a30
082 _a615.35 PAT
100 _aPATIL, VASANT C.
110 _bAYURVEDIC
245 _aTEXT BOOK OF PANCHAKARMA AND UPAKARMA
250 _a1ST
260 _aVARANASI
_bCHAUKHAMBA
_c2025
300 _a452
650 _aPANCHAKARMA
942 _c01
999 _c66155
_d66155